Presidential Birth Names Blitz Quiz Stats

 Plays Quiz Updated Jan 20, 2017

Challenge
Share
Tweet
Embed
Score 0/27 Timer 02:00
1 Play Today
% Correct
Abraham
93.8%
Barack
92.1%
Andrew
85.4%
John
84.9%
George
84.7%
Lyndon
81.6%
James
81.2%
Franklin
81.1%
Theodore
79.9%
Ronald
78.4%
Donald
76.8%
Benjamin
76.2%
Rutherford
75.5%
Chester
75.3%
% Correct
Herbert
74.5%
Zachary
73.6%
Millard
72.1%
William
70.6%
Richard
65.3%
Harry
60.9%
Warren
59.5%
Thomas
58.6%
Martin
51.6%
Hiram
33.2%
Leslie
32.5%
David
32.1%
Stephen
24.6%

You're not logged in!

Compare scores with friends on all Sporcle quizzes.
Join for Free
OR
Log In

You Might Also Like...

Show Comments

Extras

Top Quizzes Today


Score Distribution

Your Account Isn't Verified!

In order to create a playlist on Sporcle, you need to verify the email address you used during registration. Go to your Sporcle Settings to finish the process.

Report this User

Report this user for behavior that violates our Community Guidelines.

Details: